| 000 | 00520nam a2200229Ia 4500 | ||
|---|---|---|---|
| 008 | 170918s9999 xx 000 0 und d | ||
| 020 | _a9780060871246 | ||
| 050 | _bH945se 2008 | ||
| 100 | _aHunter, Erin | ||
| 245 | 4 | _aThe quest begins / | |
| 245 | _cby Erin Hunter. | ||
| 250 | _aFirst edition. | ||
| 260 | _aNew York : | ||
| 260 | _bHarper Trophy, | ||
| 260 | _c2008 | ||
| 300 | _a293 pages : | ||
| 300 | _billustrations ; | ||
| 300 | _c19cm. | ||
| 300 | _eSeekers ; | ||
| 440 | _a1 | ||
| 500 | _a840 | ||
| 999 |
_c343752 _d343752 |
||